000 00333 a2200145 4500
001 155994
040 _cEscola São Tomás de Aquino
100 _aGHELERE, Gabriela Doll
240 1 0 _aFilosofia e Sociologia
_lpor
245 1 0 _aFilosofia e Sociologia
300 _a219
362 0 _a2017
697 _aGENERALIDADES
942 _cBK
999 _c155994
_d155994